| 000 | 00318 a2200133 4500 | ||
|---|---|---|---|
| 001 | 61521 | ||
| 020 | _a9780195472233 | ||
| 082 | _a954.91 SAE | ||
| 090 |
_c37067 _d37067 |
||
| 100 | _aSaeed Shafaqat | ||
| 245 | _aNew Perspectives on Pakistan | ||
| 260 |
_aNew York _bOxford University Press _c2007 |
||
| 300 | _a428 | ||
| 942 |
_acaenust _k954.91 SAE |
||
| 999 |
_c296594 _d296594 |
||